00664nas a2200205Ia 4500001001200000003001000012005001700022008004100039040002500080041000700105100001700112245006100129250003800190260000900228300001000237500007200247650002000319654001200339700010700351dd25-35457 IT-MiCISF20230314135527.0161014c99999999xx |||||||||||| ||und|| aIT-MiCISFcIT-MiCISF ait aMion Renato  0aFlessibili, quasi fragili, figli della società incerta a"Rezzara notizie", n. 1, gennaio c2002 app. 8 a adolescenza, giovani, famiglia, educazione, disadattamento, scuola aetà-evolutiva adossier aDal Ferro G., Pellerey M., Pavesi N., Balestra V., Gandolfi S., Rizzi F., Sacilot Moroni G., Abalti A.